000 00519cam a2200205 4500
001 D1861
008 090401t1984 xxu||||| |||| 00| 0 eng d
035 _a(Sirsi) u66256
041 _aeng
050 _a696.9
110 _aBuilding Maintenance Cost Information Service
_91702
245 _aStudy of energy in buildings...
260 _aKingston upon Thames
_bBMCIS
_c1984
300 _a72p. 30cm
350 _a0
490 _aAnnual Paper:
_v: 130
520 _aCover title
942 _n0
948 _c04/03/1997
999 _c94838
_d94838